Fr. Conceicao Rodrigues College of Engineering

Mathematics for polytechnic students (Record no. 29177)

MARC details
000 -LEADER
fixed length control field 00347nam a2200157Ia 4500
082 ## - DEWEY DECIMAL CLASSIFICATION NUMBER
Classification number 570
Item number Des
100 ## - MAIN ENTRY--PERSONAL NAME
Personal name Desphande/S.P.
245 ## - TITLE STATEMENT
Title Mathematics for polytechnic students
260 ## - PUBLICATION, DISTRIBUTION, ETC.
Name of publisher, distributor, etc. Pune vidyarthi griha prak.
Place of publication, distribution, etc. Pune
Date of publication, distribution, etc. 1986
300 ## - PHYSICAL DESCRIPTION
Extent 489
490 ## - SERIES STATEMENT
Volume/sequential designation I
546 ## - LANGUAGE NOTE
Language note ENGLISH
654 ## - SUBJECT ADDED ENTRY--FACETED TOPICAL TERMS
Focus term Mathematics
942 ## - ADDED ENTRY ELEMENTS (KOHA)
Koha item type BOOK
Holdings
Withdrawn status Lost status Damaged status Not for loan Collection Home library Current library Shelving location Date acquired Total Checkouts Full call number Barcode Date last seen Price effective from Koha item type Date due Date last checked out
        AFT Fr. Agnel's C.Rodrigues College of Engineering Fr. Agnel's C.Rodrigues College of Engineering   17/03/2023   570 Des AFT5399 17/03/2023 17/03/2023 BOOK    
        AFT Fr. Agnel's C.Rodrigues College of Engineering Fr. Agnel's C.Rodrigues College of Engineering   17/03/2023   570 Des AFT5400 17/03/2023 17/03/2023 BOOK    
        AFT Fr. Agnel's C.Rodrigues College of Engineering Fr. Agnel's C.Rodrigues College of Engineering   17/03/2023   510 Des AFT5460 17/03/2023 17/03/2023 BOOK    
        AFT Fr. Agnel's C.Rodrigues College of Engineering Fr. Agnel's C.Rodrigues College of Engineering   17/03/2023   510 Des AFT5462 17/03/2023 17/03/2023 BOOK    
        AFT Fr. Agnel's C.Rodrigues College of Engineering Fr. Agnel's C.Rodrigues- College of Engineering   17/03/2023 1 510 Des AFT5461 12/06/2023 17/03/2023 BOOK 06/04/2012 12/06/2023
        AFT Fr. Agnel's C.Rodrigues College of Engineering Fr. Agnel's C.Rodrigues- College of Engineering   17/03/2023 1 510 Des AFT5463 12/06/2023 17/03/2023 BOOK 01/12/2011 12/06/2023